دور القيادة الاحترافية في تعزيز قدرات العاملين في الجامعات الخاصة الاردنية = The Role of Professional Leadership in Enhancing Employees Capabilities at Jordanian Private Universities / (Record no. 33701)
[ view plain ]
| 000 -LEADER | |
|---|---|
| fixed length control field | 01084nam a22002057a 4500 |
| 003 - CONTROL NUMBER IDENTIFIER | |
| control field | JO-AjAnu |
| 005 - DATE AND TIME OF LATEST TRANSACTION | |
| control field | 20240921094858.0 |
| 008 - FIXED-LENGTH DATA ELEMENTS--GENERAL INFORMATION | |
| fixed length control field | 240918b jo ||||| |||| 00| 0 ara d |
| 040 ## - CATALOGING SOURCE | |
| Original cataloging agency | JO-AjAnu |
| Language of cataloging | ara |
| Transcribing agency | JO-AjAnu |
| Description conventions | rda |
| 041 ## - LANGUAGE CODE | |
| Language code of text/sound track or separate title | ara |
| Language code of original | ara |
| 050 ## - LIBRARY OF CONGRESS CALL NUMBER | |
| Classification number | HD57.7 |
| Item number | 2024 |
| 100 #1 - MAIN ENTRY--PERSONAL NAME | |
| Personal name | القضاة، هشام فواز حسين |
| Relator term | معد |
| 9 (RLIN) | 66239 |
| 245 #0 - TITLE STATEMENT | |
| Title | دور القيادة الاحترافية في تعزيز قدرات العاملين في الجامعات الخاصة الاردنية = The Role of Professional Leadership in Enhancing Employees Capabilities at Jordanian Private Universities / |
| Statement of responsibility, etc. | اعداد هشام فواز حسين القضاة ؛ اشراف هشام علي شطناوي |
| 260 ## - PUBLICATION, DISTRIBUTION, ETC. | |
| Date of publication, distribution, etc. | 2024 |
| 300 ## - PHYSICAL DESCRIPTION | |
| Extent | 108 ورقة |
| 504 ## - BIBLIOGRAPHY, ETC. NOTE | |
| Bibliography, etc. note | رسالة جامعية(رسالة ماجستير في ادارة الاعمال)(جامعة عجلون الوطنية) عجلون،الاردن، كلية الاعمال، 2024. |
| 650 70 - SUBJECT ADDED ENTRY--TOPICAL TERM | |
| Topical term or geographic name entry element | القيادة الادارية |
| 9 (RLIN) | 66240 |
| 700 #1 - ADDED ENTRY--PERSONAL NAME | |
| Personal name | شطناوي،هشام علي |
| 9 (RLIN) | 64865 |
| Relator term | مشرف |
| 942 ## - ADDED ENTRY ELEMENTS (KOHA) | |
| Source of classification or shelving scheme | Library of Congress Classification |
| Koha item type | Thesis |
| Suppress in OPAC | No |
| Withdrawn status | Lost status | Source of classification or shelving scheme | Damaged status | Not for loan | Home library | Current library | Date acquired | Total Checkouts | Full call number | Barcode | Date last seen | Price effective from | Koha item type |
|---|---|---|---|---|---|---|---|---|---|---|---|---|---|
| Library of Congress Classification | مكتبة جامعة عجلون الوطنية | مكتبة جامعة عجلون الوطنية | 18/09/2024 | HD57.7 2024 | a30055 | 18/09/2024 | 18/09/2024 | Thesis | |||||
| Library of Congress Classification | مكتبة جامعة عجلون الوطنية | مكتبة جامعة عجلون الوطنية | 18/09/2024 | HD57.7 2024 | a30054 | 18/09/2024 | 18/09/2024 | Thesis |